000 00292nam a22001337a 4500
008 171024b xxu||||| |||| 00| 0 eng d
020 _a9781429245098
041 _aeng
080 _a311
100 _a55
101 _aSTA
245 _aDISCOVERING STATISTICS
_cSTREETT.S
942 _2udc
_cBK
999 _c35653
_d35653